000
00280nam a22001217a 4500
008
160518b xxu||||| |||| 00| 0 eng d
020
_a
9780073397191
020
_a
9780073397191
041
_a
eng
080
_a
61
245
_a
Taking sides:
_c
William J. Taverer;
942
_2
udc
_c
BK
999
_c
2204
_d
2204